La importancia del Club Atlético Boca Juniors en el impuesto al valor agregado (reflotando la L. 16774) (Registro nro. 13003)

Detalles MARC
000 -LEADER
fixed length control field 00413 a2200121 4500
001 - CONTROL NUMBER
control field ART_7638
005 - DATE AND TIME OF LATEST TRANSACTION
control field 20260410161637.0
008 - FIXED-LENGTH DATA ELEMENTS--GENERAL INFORMATION
fixed length control field 260409a
100 1# - MAIN ENTRY--PERSONAL NAME
Personal name Lorenzo, Armando
245 10 - TITLE STATEMENT
Title La importancia del Club Atlético Boca Juniors en el impuesto al valor agregado (reflotando la L. 16774)
700 1# - ADDED ENTRY--PERSONAL NAME
Personal name Cavalli, César M.
773 0# - HOST ITEM ENTRY
Title Consultor tributario
Related parts - Nº 6 (ago. 2007)
Record control number REV474

No hay ítems disponibles.